[Event "XII Weekend B"]
[Site "Gorgonzola ITA"]
[Date "2007.11.11"]
[Round "3"]
[White "Bertazzoli, Giulio"]
[Black "De La Pena, Elmer"]
[Result "1/2-1/2"]
[WhiteElo "1809"]
[BlackElo "1919"]
[PlyCount "121"]
[EventDate "2007.11.10"]

1. d4 Nf6 2. c4 e6 3. Nf3 d5 4. Nc3 Bb4 5. e3 O-O 6. Qc2 Nc6 7. Bd3 dxc4 8.
Bxc4 Qe7 9. Bb5 Nb8 10. O-O c6 11. Bd3 Nbd7 12. a3 Bxc3 13. bxc3 e5 14. e4 h6
15. a4 Re8 16. Re1 Qd6 17. Ba3 Qc7 18. Rad1 a6 19. Bc4 b5 20. Ba2 c5 21. Bd5
Nxd5 22. exd5 cxd4 23. Nxd4 Nf6 24. d6 Qc4 25. Nf3 e4 26. Rd4 Qc6 27. Nd2 Bf5
28. Qb3 Rab8 29. axb5 axb5 30. Nf1 Rbc8 31. Bb4 Be6 32. Qb2 Ra8 33. Re2 Ra2 34.
Qxa2 Bxa2 35. Rxa2 Nd7 36. Ne3 g6 37. Nd5 Kg7 38. Nc7 Re5 39. h3 e3 40. fxe3
Rxe3 41. Nd5 Re5 42. Rad2 Qa8 43. Kh2 Re1 44. Rd1 Re5 45. Nc7 Qd8 46. Rd5 Qf6
47. Rxe5 Qxe5+ 48. Kh1 h5 49. Rd5 Qe1+ 50. Kh2 Qe4 51. Rd4 Qe5+ 52. Kh1 h4 53.
Na6 Qe1+ 54. Kh2 Qe2 55. Nc5 Qe5+ 56. Kh1 Nf6 57. d7 Nh5 58. Rd1 Ng3+ 59. Kg1
Qf4 60. d8=Q Ne2+ 61. Kh1 1/2-1/2

[Event "XII Weekend B"]
[Site "Gorgonzola ITA"]
[Date "2007.11.11"]
[Round "3"]
[White "Carbone, Lorenzo"]
[Black "Ragoso, Mario"]
[Result "1-0"]
[WhiteElo "1755"]
[BlackElo "1877"]
[PlyCount "97"]
[EventDate "2007.11.10"]

1. e4 e5 2. Nf3 Nc6 3. Bb5 f5 4. Nc3 fxe4 5. Nxe4 d5 6. Ng3 Bg4 7. Qe2 e4 8. h3
Bxf3 9. gxf3 Qd7 10. fxe4 O-O-O 11. e5 Nf6 12. d4 Ne8 13. Bg5 Be7 14. Bxe7 Qxe7
15. Bxc6 bxc6 16. Qa6+ Kb8 17. Qxc6 Rd6 18. Qc5 Qe6 19. O-O-O Rc6 20. Qb5+ Rb6
21. Qe2 Rf8 22. Rd3 Qf7 23. Rf1 Rh6 24. Rb3+ Ka8 25. Qg4 Qf4+ 26. Kb1 Qxg4 27.
hxg4 g6 28. f3 Rh2 29. Re3 Rg2 30. Ne2 Rxg4 31. Rh1 Rg2 32. Rxh7 g5 33. c3 g4
34. f4 Kb8 35. Kc1 Rg8 36. Kd1 g3 37. Rxg3 R2xg3 38. Nxg3 Rxg3 39. Rh8 Kc8 40.
Rxe8+ Kd7 41. Rf8 Rg1+ 42. Kc2 Rg2+ 43. Kb3 Rf2 44. Rf7+ Kd8 45. f5 a5 46. a4
Rh2 47. e6 Re2 48. Rd7+ Kc8 49. Rxd5 1-0

[Event "XII Weekend B"]
[Site "Gorgonzola ITA"]
[Date "2007.11.11"]
[Round "3"]
[White "Cartella, Giovanni"]
[Black "Crippa, Mario"]
[Result "0-1"]
[WhiteElo "1868"]
[BlackElo "1901"]
[PlyCount "64"]
[EventDate "2007.11.10"]

1. d4 Nf6 2. Nf3 d6 3. Bg5 g6 4. e3 Bg7 5. Bd3 O-O 6. c3 Nbd7 7. Qc2 c5 8. Nbd2
b6 9. h4 h5 10. Bxf6 Nxf6 11. O-O-O Bg4 12. dxc5 bxc5 13. e4 Rc8 14. Bc4 d5 15.
exd5 Nxd5 16. Ne4 e6 17. Rd3 Qa5 18. Kb1 Bf5 19. Nfd2 Rfd8 20. f3 Rb8 21. Rd1
Nf4 22. Rxd8+ Rxd8 23. Nb3 Rxd1+ 24. Qxd1 Qa4 25. Bf1 Nd5 26. Ka1 c4 27. Nec5
Qb5 28. Qe2 Nxc3 29. Qxc4 Nd1 30. Ne4 Qxc4 31. Bxc4 Nxb2 32. Bf1 Na4+ 0-1

[Event "XII Weekend B"]
[Site "Gorgonzola ITA"]
[Date "2007.11.11"]
[Round "3"]
[White "Chinnici, Giorgio"]
[Black "Quagliarella, Sabino Remo"]
[Result "0-1"]
[WhiteElo "1770"]
[BlackElo "1950"]
[PlyCount "46"]
[EventDate "2007.11.10"]

1. e4 g6 2. d4 Bg7 3. Nf3 d5 4. e5 c5 5. c3 Nc6 6. Bf4 Qb6 7. Qd2 cxd4 8. cxd4
Bg4 9. Be3 e6 10. Be2 Nge7 11. Nc3 O-O 12. Nh4 Bxe2 13. Nxe2 Rac8 14. a3 Na5
15. Rb1 Nc4 16. Qb4 Qxb4+ 17. axb4 Nxe3 18. fxe3 Bh6 19. Kf2 f6 20. g3 fxe5+
21. Kg2 Rc2 22. Rhe1 Bxe3 23. Nf3 e4 0-1

[Event "XII Weekend B"]
[Site "Gorgonzola ITA"]
[Date "2007.11.11"]
[Round "3"]
[White "Ciciotti, Augusto"]
[Black "Primerano, Carlo"]
[Result "1-0"]
[WhiteElo "1877"]
[BlackElo "1761"]
[PlyCount "61"]
[EventDate "2007.11.10"]

1. d4 Nf6 2. c4 e6 3. Nf3 b6 4. g3 Ba6 5. b3 Bb4+ 6. Bd2 Be7 7. Nc3 Bb7 8. Bg2
d6 9. O-O O-O 10. Bc1 Nbd7 11. Bb2 d5 12. Ne5 Ne4 13. Qc2 Nxc3 14. Bxc3 f6 15.
Nd3 f5 16. Nf4 Rf6 17. cxd5 exd5 18. Nxd5 Bxd5 19. Bxd5+ Kf8 20. e4 Rb8 21.
exf5 Qe8 22. Rae1 Qh5 23. Be6 Rh6 24. f4 Nf6 25. Re2 Ng4 26. Bd5 Rf6 27. Rfe1
Bd6 28. Re6 Rxf5 29. Bf3 g6 30. Qe2 Qh3 31. Bxg4 1-0

[Event "XII Weekend B"]
[Site "Gorgonzola ITA"]
[Date "2007.11.11"]
[Round "3"]
[White "Coladangelo, Andrea"]
[Black "Arboscelli, Gregorio"]
[Result "1/2-1/2"]
[WhiteElo "1809"]
[BlackElo "1913"]
[PlyCount "47"]
[EventDate "2007.11.10"]

1. e4 e5 2. Nf3 Nc6 3. d4 exd4 4. Nxd4 Nf6 5. Nxc6 bxc6 6. e5 Nd5 7. c4 Bb4+ 8.
Bd2 Bxd2+ 9. Nxd2 Nf4 10. g3 Ne6 11. Bg2 O-O 12. O-O Rb8 13. b3 c5 14. f4 f6
15. Re1 fxe5 16. Rxe5 d6 17. Re1 Nd4 18. Nf3 Bg4 19. h3 Nxf3+ 20. Bxf3 Bxh3 21.
Qd5+ Kh8 22. Re2 Qf6 23. Rae1 Bc8 24. Re7 1/2-1/2

[Event "XII Weekend B"]
[Site "Gorgonzola ITA"]
[Date "2007.11.11"]
[Round "3"]
[White "Delledonne, Francesco"]
[Black "Guerra, Efrain"]
[Result "1-0"]
[WhiteElo "1837"]
[BlackElo "1900"]
[PlyCount "113"]
[EventDate "2007.11.10"]

1. Nf3 d5 2. d4 Nf6 3. c4 g6 4. cxd5 Bg7 5. Nc3 Nxd5 6. e4 Nxc3 7. bxc3 O-O 8.
Be3 c5 9. Qd2 Qa5 10. Be2 Rd8 11. Rd1 Nc6 12. O-O Bg4 13. Qb2 b6 14. h3 Bxf3
15. Bxf3 cxd4 16. cxd4 e5 17. d5 Nd4 18. Bxd4 exd4 19. Rfe1 Qc3 20. Qd2 Qxd2
21. Rxd2 Be5 22. Be2 Rac8 23. Ba6 Rc3 24. Rf1 g5 25. Bb7 h5 26. g3 Kh7 27. Kh1
h4 28. f4 gxf4 29. gxf4 Rxh3+ 30. Kg2 Rg3+ 31. Kh2 Bd6 32. Rg2 Rdg8 33. Rxg3
Rxg3 34. e5 Be7 35. d6 Bd8 36. Rd1 Ra3 37. Bd5 Kg7 38. Bb3 b5 39. Rxd4 a5 40.
f5 a4 41. Bd5 Re3 42. Rg4+ Kf8 43. Re4 Rd3 44. Bc6 Rd2+ 45. Kh3 Rd3+ 46. Kg4
Rg3+ 47. Kh5 Rg5+ 48. Kxh4 Rxf5+ 49. Kg3 a3 50. Bxb5 f6 51. Kg4 Rf2 52. e6 f5+
53. Kg3 fxe4 54. Kxf2 Bg5 55. e7+ Bxe7 56. dxe7+ Kxe7 57. Ke3 1-0

[Event "XII Weekend B"]
[Site "Gorgonzola ITA"]
[Date "2007.11.11"]
[Round "3"]
[White "Fuccio, Sergio"]
[Black "Riboldi, Raffaele"]
[Result "1/2-1/2"]
[WhiteElo "1778"]
[BlackElo "1884"]
[PlyCount "76"]
[EventDate "2007.11.10"]

1. Nf3 d5 2. b3 c5 3. e3 Nc6 4. Bb2 Bg4 5. Be2 Nf6 6. d4 e6 7. O-O Be7 8. Nbd2
O-O 9. a3 Nd7 10. c4 Bf6 11. Re1 Bf5 12. Nf1 Re8 13. Ng3 Bg6 14. Bd3 Bxd3 15.
Qxd3 g6 16. cxd5 exd5 17. Rac1 Qb6 18. e4 Nxd4 19. Bxd4 cxd4 20. exd5 Qa5 21.
Ne4 Bg7 22. d6 Qd5 23. Rc7 f5 24. Neg5 Rxe1+ 25. Nxe1 Re8 26. Nef3 Nf6 27. Qc4
h6 28. Qxd5+ Nxd5 29. d7 Nxc7 30. dxe8=Q+ Nxe8 31. Ne6 d3 32. Nxg7 Kxg7 33. Kf1
Nd6 34. Ne5 Nb5 35. Ke1 Nxa3 36. Kd2 Nb5 37. Kxd3 Nd6 38. f3 g5 1/2-1/2

[Event "XII Weekend B"]
[Site "Gorgonzola ITA"]
[Date "2007.11.11"]
[Round "3"]
[White "Lanni, Vincenzo"]
[Black "Olivo, Mario"]
[Result "0-1"]
[WhiteElo "1864"]
[BlackElo "1887"]
[PlyCount "74"]
[EventDate "2007.11.10"]

1. d4 Nf6 2. g3 e6 3. Bg2 c5 4. Nf3 Nc6 5. c3 Qb6 6. e3 Be7 7. O-O O-O 8. Nbd2
d5 9. b3 cxd4 10. Nxd4 Nxd4 11. cxd4 Bd7 12. Bb2 Rfe8 13. e4 dxe4 14. Nxe4 Bb5
15. Re1 Nd5 16. Nc5 Rac8 17. Qg4 Nf6 18. Qf4 Bd6 19. Qd2 Bc6 20. Bxc6 Rxc6 21.
b4 Rd8 22. a3 Bxc5 23. bxc5 Qxc5 24. Rac1 Qb5 25. Rxc6 Qxc6 26. Rc1 Qd7 27. Qc2
Nd5 28. Qc5 b6 29. Qc6 Qxc6 30. Rxc6 Kf8 31. Kf1 Ke8 32. Ke2 Kd7 33. Rc1 Rb8
34. Kd3 a6 35. f4 f6 36. Ke4 g6 37. g4 f5+ 0-1

[Event "XII Weekend B"]
[Site "Gorgonzola ITA"]
[Date "2007.11.11"]
[Round "3"]
[White "Maccarini, Luca Nicola"]
[Black "Rossi, Giampiero"]
[Result "1/2-1/2"]
[WhiteElo "1884"]
[BlackElo "1991"]
[PlyCount "77"]
[EventDate "2007.11.10"]

1. d4 d5 2. Nf3 c6 3. c4 e6 4. Nc3 Nf6 5. Bg5 Nbd7 6. e3 Qa5 7. Qc2 Ne4 8. cxd5
Nxg5 9. Nxg5 exd5 10. Bd3 h6 11. Nf3 Nf6 12. O-O Bd6 13. h3 O-O 14. Rfd1 Qc7
15. Rac1 Qe7 16. Re1 Re8 17. e4 dxe4 18. Nxe4 Nxe4 19. Bxe4 Be6 20. d5 cxd5 21.
Bxd5 Rac8 22. Qd1 Rxc1 23. Qxc1 Rc8 24. Qxc8+ Bxc8 25. Rxe7 Bxe7 26. Ne5 Be6
27. Bxe6 fxe6 28. Kf1 Bf6 29. Nd3 Kf7 30. Ke2 Ke7 31. b3 Kd6 32. Ne1 b5 33. Nc2
a5 34. Kd3 Kc5 35. Ke4 a4 36. Kd3 axb3 37. axb3 h5 38. Ke4 g6 39. Kd3 1/2-1/2

[Event "XII Weekend B"]
[Site "Gorgonzola ITA"]
[Date "2007.11.11"]
[Round "3"]
[White "Murli, Almerico"]
[Black "Calvi, Gianluca"]
[Result "1/2-1/2"]
[WhiteElo "1851"]
[BlackElo "1901"]
[PlyCount "70"]
[EventDate "2007.11.10"]

1. e4 c5 2. Nf3 d6 3. d4 cxd4 4. Nxd4 Nf6 5. Nc3 e6 6. Bc4 a6 7. Bb3 Be7 8. O-O
O-O 9. Be3 b5 10. a3 Qc7 11. f3 Re8 12. Qe1 Bb7 13. Qg3 Bf8 14. Rfe1 Nbd7 15.
Rad1 Rac8 16. Nde2 d5 17. Qxc7 Rxc7 18. exd5 Nxd5 19. Nxd5 exd5 20. Bf2 Nf6 21.
Nc3 Re6 22. Kf1 b4 23. axb4 Bxb4 24. Bd4 Nd7 25. Re2 h6 26. Rde1 Nf8 27. Rd1
Rxe2 28. Nxe2 Ne6 29. Bc3 Bxc3 30. Nxc3 d4 31. Ne2 Rd7 32. Bxe6 fxe6 33. Rxd4
Rxd4 34. Nxd4 Kf7 35. f4 Ke7 1/2-1/2

[Event "XII Weekend B"]
[Site "Gorgonzola ITA"]
[Date "2007.11.11"]
[Round "3"]
[White "Perrotta, Leopoldo"]
[Black "Acunzo, Domenico"]
[Result "1-0"]
[WhiteElo "1877"]
[BlackElo "1775"]
[PlyCount "71"]
[EventDate "2007.11.10"]

1. e4 e6 2. b3 Nf6 3. Qe2 Be7 4. Bb2 O-O 5. Nc3 d5 6. e5 Nfd7 7. f4 Nb6 8. Nf3
c5 9. h4 Nc6 10. Ng5 f5 11. Qh5 Bxg5 12. hxg5 Rf7 13. Qxh7+ Kf8 14. g6 Nb4 15.
O-O-O d4 16. Qh8+ Ke7 17. Qxd8+ Kxd8 18. gxf7 Ke7 19. Nb5 Nxa2+ 20. Kb1 Nb4 21.
Nd6 Bd7 22. Be2 a5 23. c3 d3 24. Bf3 Nc6 25. Ba3 Nd5 26. Bxd5 exd5 27. Bxc5 Be6
28. Nxf5+ Kxf7 29. Nd6+ Kg8 30. f5 Bf7 31. e6 Be8 32. Rh4 g5 33. Rh6 a4 34.
Rdh1 axb3 35. Nxe8 Ra2 36. Rh8# 1-0

[Event "XII Weekend B"]
[Site "Gorgonzola ITA"]
[Date "2007.11.11"]
[Round "3"]
[White "Santelli, Francesco"]
[Black "Scarabelli, Maurizio"]
[Result "0-1"]
[WhiteElo "1860"]
[BlackElo "1902"]
[PlyCount "61"]
[EventDate "2007.11.10"]

1. e4 c5 2. Nf3 e6 3. d4 cxd4 4. Nxd4 a6 5. Be3 Qc7 6. Be2 Nf6 7. f3 Bd6 8. g3
h5 9. e5 Bxe5 10. f4 Bd6 11. Nd2 h4 12. Bf3 hxg3 13. hxg3 Rxh1+ 14. Bxh1 Nc6
15. Nxc6 dxc6 16. Nc4 Be7 17. Nb6 Rb8 18. Qe2 Nd7 19. Nxc8 Rxc8 20. O-O-O Nf6
21. Qh2 Rd8 22. Qh8+ Bf8 23. Rxd8+ Qxd8 24. Bc5 Nd7 25. Bxf8 Nxf8 26. Qxg7 Qa5
27. Kd1 Qxa2 28. Bf3 Qb1+ 29. Kd2 Qg1 30. Qe5 Qf2+ 31. Kc3 0-1

[Event "XII Weekend B"]
[Site "Gorgonzola ITA"]
[Date "2007.11.11"]
[Round "3"]
[White "Savarese, Vincenzo"]
[Black "Bisignano, Giuseppe"]
[Result "1/2-1/2"]
[WhiteElo "1859"]
[BlackElo "1980"]
[PlyCount "125"]
[EventDate "2007.11.10"]

1. e4 e5 2. Nf3 Nc6 3. d4 exd4 4. Nxd4 Bc5 5. Nxc6 Qf6 6. Qf3 Qxf3 7. gxf3 bxc6
8. Nc3 Ne7 9. Bc4 Ng6 10. f4 d6 11. Be3 Bxe3 12. fxe3 O-O 13. h4 Rb8 14. h5 Ne7
15. O-O-O Be6 16. Bb3 Bxb3 17. axb3 Rfe8 18. Rhg1 Rb4 19. f5 f6 20. Rd2 Kf7 21.
Rdg2 Rg8 22. Kd2 d5 23. h6 gxh6 24. Rxg8 Nxg8 25. exd5 Ne7 26. dxc6 Nxf5 27.
Nd5 Rb5 28. Nxc7 Rc5 29. e4 Nd4 30. Kd3 Nxc2 31. Rg7+ Kxg7 32. Ne6+ Kg6 33.
Nxc5 Nb4+ 34. Ke3 Nxc6 35. Ne6 h5 36. Kf4 Ne5 37. Nd4 h4 38. Nf5 Nd3+ 39. Kg4
Nxb2 40. Nxh4+ Kf7 41. Kf5 Nd3 42. Nf3 a5 43. Nd4 Nc5 44. e5 fxe5 45. Kxe5 Kg6
46. Kd5 Nxb3 47. Nxb3 a4 48. Nd4 a3 49. Ke4 a2 50. Nb3 Kg5 51. Kf3 Kf5 52. Nd4+
Ke5 53. Nc2 Kd6 54. Ke4 Kc5 55. Kd3 h5 56. Kc3 h4 57. Kb2 h3 58. Ne1 Kd4 59.
Nf3+ Ke3 60. Nh2 Kf2 61. Kxa2 Kg2 62. Ng4 Kg3 63. Ne3 1/2-1/2

[Event "XII Weekend B"]
[Site "Gorgonzola ITA"]
[Date "2007.11.11"]
[Round "3"]
[White "Villalba, Fernando"]
[Black "Santandrea, Marco"]
[Result "0-1"]
[WhiteElo "1891"]
[BlackElo "1837"]
[PlyCount "72"]
[EventDate "2007.11.10"]

1. d4 f5 2. Nf3 Nf6 3. Bf4 g6 4. h3 d6 5. e3 Bg7 6. c3 c6 7. Nbd2 Ne4 8. Nxe4
fxe4 9. Nd2 d5 10. c4 e6 11. cxd5 exd5 12. Be2 Nd7 13. O-O Nf6 14. b4 O-O 15.
b5 cxb5 16. Bxb5 a6 17. Be2 Be6 18. Rc1 Rc8 19. Qb3 b5 20. Qb2 Qe7 21. Nb3 Nd7
22. Rxc8 Rxc8 23. Rc1 Qf8 24. Qd2 Qd8 25. Nc5 Nxc5 26. Rxc5 Bf8 27. Rxc8 Qxc8
28. f3 Qc6 29. Bd1 b4 30. Bb3 exf3 31. gxf3 Bxh3 32. Kh2 Bf1 33. e4 Bc4 34. Qc2
Qf6 35. Be5 Qh4+ 36. Kg2 Qg5+ {...} 0-1

[Event "XII Weekend B"]
[Site "Gorgonzola ITA"]
[Date "2007.11.11"]
[Round "3"]
[White "Virzi, Ettore"]
[Black "Giallombardo, Federico"]
[Result "1-0"]
[WhiteElo "1956"]
[BlackElo "1544"]
[PlyCount "57"]
[EventDate "2007.11.10"]

1. e4 c5 2. Nf3 d6 3. d4 cxd4 4. Nxd4 Nf6 5. Nc3 a6 6. Bg5 e6 7. f4 Be7 8. Qf3
Qc7 9. O-O-O Nc6 10. Nxc6 Qxc6 11. Qg3 Qc7 12. e5 dxe5 13. fxe5 Nh5 14. Qh4
Bxg5+ 15. Qxg5 g6 16. Bb5+ axb5 17. Nxb5 Qe7 18. Nd6+ Kf8 19. Qh6+ Kg8 20. g4
Ng7 21. Rhf1 Nf5 22. gxf5 exf5 23. a3 Qf8 24. Qh4 Kg7 25. Ne8+ Kg8 26. Rd8 Qc5
27. Nd6+ Kg7 28. Qf6+ Kh6 29. Nxf7+ 1-0

[Event "XII Weekend B"]
[Site "Gorgonzola ITA"]
[Date "2007.11.17"]
[Round "4"]
[White "Arboscelli, Gregorio"]
[Black "Maccarini, Luca Nicola"]
[Result "1/2-1/2"]
[WhiteElo "1913"]
[BlackElo "1884"]
[PlyCount "93"]
[EventDate "2007.11.10"]

1. d4 d5 2. c4 c6 3. cxd5 cxd5 4. Nc3 Nf6 5. Nf3 e6 6. Bf4 Bd6 7. e3 O-O 8.
Bxd6 Qxd6 9. Bd3 Nc6 10. O-O Bd7 11. Rc1 a6 12. Qe2 e5 13. Nxe5 Nxe5 14. dxe5
Qxe5 15. h3 Qg5 16. f4 Qh4 17. Qf2 Qxf2+ 18. Kxf2 Rfe8 19. Rfd1 Bc6 20. Rd2 Re7
21. Nd1 h5 22. Re2 Rae8 23. Ke1 h4 24. Kd2 Nh5 25. Rf2 Ng3 26. Rc3 Rd8 27. Kc1
d4 28. exd4 Rxd4 29. Kc2 g6 30. Rc4 Rd6 31. f5 Red7 32. fxg6 fxg6 33. Bxg6 Rxg6
34. Rxh4 Be4+ 35. Kc1 Bc6 36. Nc3 Re7 37. Rhf4 Ne4 38. Nxe4 Bxe4 39. g4 Rd6 40.
b3 Rd3 41. Re2 Rd4 42. Kb2 a5 43. g5 a4 44. h4 Kg7 45. h5 b5 46. Re3 Rd2+ 47.
Kc3 {...} 1/2-1/2

[Event "XII Weekend B"]
[Site "Gorgonzola ITA"]
[Date "2007.11.17"]
[Round "4"]
[White "Bisignano, Giuseppe"]
[Black "Murli, Almerico"]
[Result "1-0"]
[WhiteElo "1980"]
[BlackElo "1851"]
[PlyCount "81"]
[EventDate "2007.11.10"]

1. e4 g6 2. d4 Bg7 3. Nf3 d6 4. Nc3 Nf6 5. Be2 O-O 6. O-O c6 7. Re1 Qc7 8. h3
Nbd7 9. Be3 e5 10. d5 Rd8 11. Qd2 Nc5 12. Red1 Ncxe4 13. Nxe4 Nxe4 14. Qb4 f5
15. dxc6 bxc6 16. Ng5 Nf6 17. c4 h6 18. Nf3 Be6 19. Qa4 Kh7 20. b4 f4 21. Bd2
Nd7 22. b5 cxb5 23. cxb5 Nb6 24. Qa3 Qf7 25. Bc3 Bf8 26. Bb4 Nd5 27. Ba5 Rdc8
28. Rac1 Nb6 29. Qb2 Bc4 30. Bb4 Bxe2 31. Qxe2 Nd5 32. Ba5 Nb6 33. Rc6 Rxc6 34.
bxc6 Rc8 35. Bxb6 axb6 36. Nxe5 Qe8 37. Qa6 dxe5 38. Rd7+ Bg7 39. Qb7 Qg8 40.
Rxg7+ Qxg7 41. Qxc8 1-0

[Event "XII Weekend B"]
[Site "Gorgonzola ITA"]
[Date "2007.11.17"]
[Round "4"]
[White "Brunello, Roberta"]
[Black "Virzi, Ettore"]
[Result "1/2-1/2"]
[WhiteElo "1938"]
[BlackElo "1956"]
[PlyCount "36"]
[EventDate "2007.11.10"]

1. e4 e5 2. Nf3 Nc6 3. d4 exd4 4. Nxd4 Nf6 5. Nc3 Bb4 6. Nxc6 bxc6 7. Bd3 d5 8.
exd5 cxd5 9. O-O O-O 10. Bg5 c6 11. Na4 h6 12. Bh4 Re8 13. Rc1 Bd6 14. c4 Bf4
15. Rc2 Bg4 16. Qb1 Be6 17. Qd1 Bg4 18. Qb1 Be6 1/2-1/2

[Event "XII Weekend B"]
[Site "Gorgonzola ITA"]
[Date "2007.11.17"]
[Round "4"]
[White "Calvi, Gianluca"]
[Black "Delledonne, Francesco"]
[Result "0-1"]
[WhiteElo "1901"]
[BlackElo "1837"]
[PlyCount "72"]
[EventDate "2007.11.10"]

1. d4 d5 2. c4 c6 3. Nc3 Nf6 4. Nf3 dxc4 5. a4 Bf5 6. e3 e6 7. Bxc4 Bb4 8. O-O
Nbd7 9. Nd2 O-O 10. Qe2 Re8 11. f4 Rc8 12. Kh1 c5 13. Nb5 Qb6 14. a5 Bxa5 15.
Nb3 Bb4 16. Rxa7 cxd4 17. N3xd4 Bg4 18. Qc2 e5 19. fxe5 Nxe5 20. b3 Nc6 21. Ra4
Bc5 22. Bd2 Bh5 23. Qa2 Rcd8 24. Nxc6 Qxc6 25. Nd4 Qd6 26. Bb5 Ng4 27. Rf4 Re5
28. Ra8 Nxe3 29. Rxd8+ Qxd8 30. Bxe3 Rxe3 31. Qd2 Re5 32. b4 Bb6 33. h3 Rxb5
34. Re4 Rd5 35. g4 Bg6 36. Qf4 Bxe4+ 0-1

[Event "XII Weekend B"]
[Site "Gorgonzola ITA"]
[Date "2007.11.17"]
[Round "4"]
[White "Coladangelo, Andrea"]
[Black "Altieri, Danilo Mario"]
[Result "0-1"]
[WhiteElo "1809"]
[BlackElo "1948"]
[PlyCount "122"]
[EventDate "2007.11.10"]

1. e4 d5 2. exd5 Nf6 3. d4 Nxd5 4. c4 Nb6 5. Nf3 g6 6. Be3 Bg7 7. Nc3 Nc6 8. d5
Ne5 9. Nxe5 Bxe5 10. Bd4 Bxd4 11. Qxd4 O-O 12. Be2 e6 13. O-O exd5 14. c5 Nd7
15. Nxd5 c6 16. Ne3 Nf6 17. Rad1 Qxd4 18. Rxd4 Be6 19. Bc4 Bxc4 20. Nxc4 Rfe8
21. Nd6 Red8 22. Rfd1 Rd7 23. Ne4 Rxd4 24. Nxf6+ Kg7 25. Nh5+ gxh5 26. Rxd4 Re8
27. Kf1 Re7 28. Rd6 f6 29. Rd2 Kf7 30. Re2 Rd7 31. Ke1 Rd5 32. b4 a5 33. Rb2
axb4 34. Rxb4 Rd7 35. Ke2 Kg6 36. Ke3 Rd5 37. Rxb7 Rxc5 38. Rb2 h4 39. Kd3 Ra5
40. f3 h3 41. g3 Rd5+ 42. Ke2 Ra5 43. Rc2 Ra3 44. Kf2 c5 45. g4 c4 46. Kg3 c3
47. Kxh3 f5 48. Kg3 Kg5 49. h4+ Kf6 50. g5+ Ke5 51. Kf2 Kd4 52. Ke2 Ra6 53. f4
Re6+ 54. Kd1 Kd3 55. Rf2 Re3 56. h5 Rh3 57. Rf1 Rxh5 58. Rf3+ Kc4 59. Kc2 Rh2+
60. Kb1 Rb2+ 61. Ka1 Rb7 $138 0-1

[Event "XII Weekend B"]
[Site "Gorgonzola ITA"]
[Date "2007.11.17"]
[Round "4"]
[White "Giallombardo, Federico"]
[Black "Ciciotti, Augusto"]
[Result "0-1"]
[WhiteElo "1544"]
[BlackElo "1877"]
[PlyCount "54"]
[EventDate "2007.11.10"]

1. d4 Nf6 2. c4 g6 3. Nc3 d5 4. cxd5 Nxd5 5. e3 Bg7 6. Nf3 O-O 7. Be2 c5 8. O-O
Nc6 9. Qb3 Nxc3 10. bxc3 cxd4 11. cxd4 Rb8 12. Bb2 Be6 13. Qa4 Bd5 14. Rfd1 Re8
15. Rac1 Qb6 16. Bc3 a6 17. Ne5 Nxe5 18. dxe5 Qe6 19. Rd2 Bxe5 20. Bxe5 Qxe5
21. Rc5 Qa1+ 22. Bf1 Bc6 23. Qb3 Red8 24. Rdc2 Rd1 25. Qc4 Bb5 26. Rxb5 axb5
27. Qxb5 Rbd8 0-1

[Event "XII Weekend B"]
[Site "Gorgonzola ITA"]
[Date "2007.11.17"]
[Round "4"]
[White "Guerra, Efrain"]
[Black "Carbone, Lorenzo"]
[Result "1-0"]
[WhiteElo "1900"]
[BlackElo "1755"]
[PlyCount "97"]
[EventDate "2007.11.10"]

1. Nf3 c5 2. c4 Nc6 3. g3 e6 4. Bg2 Nf6 5. O-O Be7 6. d4 cxd4 7. Nxd4 O-O 8.
Nc3 a6 9. e4 d6 10. Be3 Ne5 11. Qe2 Qc7 12. b3 Bd7 13. Rfc1 Rfc8 14. h3 Ng6 15.
Rc2 Qa5 16. Rac1 Qe5 17. Qd3 b6 18. b4 Qh5 19. g4 Ne5 20. Qe2 Qg6 21. f4 Nexg4
22. hxg4 Nxg4 23. f5 exf5 24. Nd5 Bd8 25. exf5 Bxf5 26. Nxf5 Qxf5 27. Bd4 Qg5
28. Rf1 h5 29. Rf4 Qh4 30. Rc3 Qg5 31. Rg3 Qh6 32. Bxg7 Kxg7 33. Rfxg4+ hxg4
34. Qxg4+ Bg5 35. Ne7 Qf6 36. Nxc8 Qa1+ 37. Bf1 f6 38. Nxd6 Rd8 39. Nf5+ Kf8
40. Qh5 Rd1 41. Qf3 Re1 42. Qa8+ Kf7 43. Qd5+ Kg6 44. Rf3 Re8 45. Nd6 Re7 46.
Qf5+ Kg7 47. Rh3 Qd4+ 48. Kh1 Qxd6 49. Rh7+ 1-0

[Event "XII Weekend B"]
[Site "Gorgonzola ITA"]
[Date "2007.11.17"]
[Round "4"]
[White "Milanesi, Erminio"]
[Black "Crippa, Mario"]
[Result "0-1"]
[WhiteElo "1867"]
[BlackElo "1901"]
[PlyCount "84"]
[EventDate "2007.11.10"]

1. e4 c5 2. d3 d6 3. g3 Nf6 4. Nh3 Nc6 5. f3 d5 6. Nf2 e5 7. Bg2 Be7 8. O-O O-O
9. Nc3 d4 10. Ne2 Bd6 11. g4 h6 12. g5 hxg5 13. Bxg5 Be7 14. Qd2 Nh5 15. Bxe7
Qxe7 16. Rae1 Qh4 17. Nh1 Nf4 18. Nxf4 exf4 19. Nf2 Ne5 20. h3 g5 21. Ng4 Bxg4
22. hxg4 Kg7 23. Qf2 Qh6 24. Bh1 Rh8 25. Qg2 Qh4 26. Re2 Rac8 27. b3 Qh6 28. a4
Qb6 29. Qf2 Rh4 30. Bg2 Rch8 31. Qe1 Rh2 32. Kf2 Qh6 33. Rg1 Nxg4+ 34. fxg4 f3
35. Qa5 b6 36. Qxa7 Qh4+ 37. Kf1 fxe2+ 38. Kxe2 Qxg4+ 39. Kf1 Qf4+ 40. Ke2 Qe3+
41. Kf1 Rxg2 42. Kxg2 Qe2+ 0-1

[Event "XII Weekend B"]
[Site "Gorgonzola ITA"]
[Date "2007.11.17"]
[Round "4"]
[White "Olivo, Mario"]
[Black "Fuccio, Sergio"]
[Result "1-0"]
[WhiteElo "1887"]
[BlackElo "1778"]
[PlyCount "65"]
[EventDate "2007.11.10"]

1. c4 Nf6 2. Nc3 d6 3. g3 g6 4. Bg2 Bg7 5. e3 e5 6. Nge2 O-O 7. O-O Nc6 8. Rb1
Rb8 9. h3 Bf5 10. d3 Nb4 11. e4 Bd7 12. Be3 a6 13. Qd2 Re8 14. a3 Nc6 15. Bg5
Qc8 16. Kh2 Nd8 17. b4 Ne6 18. Bh6 Bh8 19. f4 exf4 20. Nxf4 Nxf4 21. Qxf4 Be6
22. Nd5 Nh5 23. Qf3 Be5 24. Nf4 Nxf4 25. gxf4 Bd4 26. f5 gxf5 27. exf5 Be5+ 28.
Kh1 Bd7 29. f6 Qd8 30. d4 Kh8 31. dxe5 Rg8 32. Bg7+ Rxg7 33. fxg7+ 1-0

[Event "XII Weekend B"]
[Site "Gorgonzola ITA"]
[Date "2007.11.17"]
[Round "4"]
[White "Primerano, Carlo"]
[Black "De La Pena, Elmer"]
[Result "0-1"]
[WhiteElo "1761"]
[BlackElo "1919"]
[PlyCount "74"]
[EventDate "2007.11.10"]

1. d4 Nf6 2. c4 e6 3. Nc3 Bb4 4. Qc2 Nc6 5. Nf3 d6 6. e3 O-O 7. a3 Bxc3+ 8.
Qxc3 Qe7 9. Bd3 e5 10. dxe5 dxe5 11. e4 Bg4 12. Be3 a5 13. h3 Bxf3 14. gxf3 Nh5
15. O-O-O Rfd8 16. Be2 Qf6 17. Kb1 Nd4 18. Bxd4 exd4 19. Qc1 c5 20. Rdg1 d3 21.
Bd1 Nf4 22. Qd2 h5 23. Rg3 Rd6 24. Rhg1 g6 25. Re1 Qe5 26. h4 f6 27. Reg1 Kh7
28. Re1 Rb6 29. Ka2 Rd8 30. Reg1 Rdd6 31. Re1 Qd4 32. Bb3 a4 33. Qxf4 Rxb3 34.
Qd2 Rdb6 35. Rb1 Qxc4 36. Ka1 Qd4 37. Rgg1 Rxa3# 0-1

[Event "XII Weekend B"]
[Site "Gorgonzola ITA"]
[Date "2007.11.17"]
[Round "4"]
[White "Quagliarella, Sabino Remo"]
[Black "Savarese, Vincenzo"]
[Result "1-0"]
[WhiteElo "1950"]
[BlackElo "1859"]
[PlyCount "113"]
[EventDate "2007.11.10"]

1. d4 d5 2. Nf3 Nf6 3. Bf4 c5 4. c3 Nc6 5. e3 Qb6 6. Qb3 c4 7. Qxb6 axb6 8.
Nbd2 b5 9. Be2 b4 10. O-O bxc3 11. bxc3 Bf5 12. Nh4 Bc2 13. Rfc1 Ba4 14. e4 e6
15. exd5 exd5 16. Nf5 O-O-O 17. Bd1 Bxd1 18. Rxd1 g6 19. Nh6 Bxh6 20. Bxh6 Rhe8
21. Bg5 Rd6 22. Re1 Rde6 23. Rxe6 Rxe6 24. f3 Nd7 25. Kf2 Nb6 26. Nf1 Na4 27.
Bd2 Ne7 28. Rb1 Rb6 29. Rxb6 Nxb6 30. Ne3 f5 31. Kg3 g5 32. Nd1 h6 33. h4 gxh4+
34. Kxh4 Na4 35. Bxh6 Kd7 36. Bd2 Ke6 37. Kg5 b5 38. a3 Nc6 39. Ne3 Na5 40.
Nxf5 Nb3 41. Be1 Nb2 42. Ne3 Nd3 43. Nc2 Nxe1 44. Nxe1 Nd2 45. f4 Ne4+ 46. Kg6
Nxc3 47. f5+ Ke7 48. f6+ Kf8 49. g4 Nb1 50. Nc2 Nxa3 51. Nxa3 b4 52. Nb5 c3 53.
Nc7 c2 54. Ne6+ Ke8 55. f7+ Ke7 56. f8=Q+ Kxe6 57. Qf5+ 1-0